000 01053nam a2200265Ia 4500
999 _c53528
_d53528
001 20574
003 GE_BSU
005 20210223004149.0
008 181216s2011||||ge |||||||||||||| ||geo||
020 _a9789941034725
040 _cGE_BSU
041 _ageo
080 _a340.6(075.8) კ–50
100 _aკილასონია, ბესარიონ
_93239
245 _aსასამართლო მედიცინა :
_bსახელმძღვ. /
_cბესარიონ კილასონია ; რედ. რუსუდან ბერიაშვილი.
264 _aთბილისი :
_b?,
_c2011.
300 _a366 გვ. :
_bილ. ;
_c24 სმ.
504 _aბიბლ. გვ. 365-366
541 _h36 ლ.
653 _aმედიცინა
653 _aსამართალი
653 _aსასამართლო მედიცინა
700 _a ბერიაშვილი, რუსუდან
_eრედაქტორი
_910194
942 _cBK
_2udc